[Event "Chessable Masters by chess24-KO"]
[Site "Online"]
[Date "2020.06.29"]
[Round "2.1"]
[White "Carlsen, Magnus"]
[Black "Ding, Liren"]
[Result "1/2-1/2"]
[WhiteElo "2881"]
[BlackElo "2836"]
[Annotator "TA"]
[PlyCount "127"]
[EventDate "2020.06.20"]
[EventType "k.o."]
[SourceTitle "playchess.com"]
[Source "ChessBase"]
[SourceQuality "1"]

{[%evp 20,127,0,2,3,7,12,15,14,14,16,21,20,20,25,13,11,0,9,8,8,8,25,10,16,10,12,15,55,56,51,52,56,56,55,49,50,48,68,75,177,186,181,110,110,110,110,110,109,79,79,79,79,79,79,79,79,79,79,79,79,79,79,79,79,79,79,79,79,79,79,79,79,79,79,79,79,79,79,79,79,79,79,79,83,83,83,83,83,83,83,79,83,0,0,0,0,0,0,0,0,0,0,0,0,0,0,0,0,0]} 1. d4 Nf6 2. c4 g6 3. Nc3 d5 4. cxd5 Nxd5 5. e4 Nxc3 6. bxc3 Bg7 7. Be3 c5 8. Rc1 Qa5 9. Qd2 cxd4 10. cxd4 Qxd2+ 11. Bxd2 O-O {D85: Exchange Grünfeld: Unusual White 7th moves and lines with 7 Nf3.} 12. Nf3 Bg4 13. Be3 Nc6 14. d5 Bxf3 15. gxf3 Nd4 16. Bh3 f5 17. Rc7 $5 {[%mdl 4] Exploring less charted territory.} Nxf3+ {[#]} 18. Ke2 $146 ({Predecessor:} 18. Kf1 Bd4 19. Ke2 Bxe3 20. Kxe3 fxe4 21. Rxe7 Ng5 22. Bg4 h5 23. h4 hxg4 24. hxg5 {½-½ (48) Leko,P (2707)-Swiercz,D (2620) Skopje 2015}) 18... Nd4+ 19. Bxd4 Bxd4 20. exf5 gxf5 21. Rg1+ Kh8 22. Rxe7 Rae8 23. Re6 Rxe6+ 24. dxe6 $11 {[%mdl 4096] Endgame KRB-KRB} Rf6 25. Kd3 {And now e7 would win.} Bxf2 26. Rf1 Bc5 27. Bxf5 Kg7 28. Ke4 Rh6 29. h3 Rh4+ (29... Be7 $16) 30. Kd5 $18 b6 31. Bg4 (31. Be4 $18) 31... h5 $16 32. Rf7+ {[%mdl 64] Double Attack} Kg6 33. Bf5+ Kg5 34. Be4 {Rf5+ is the strong threat.} Rxh3 35. e7 Bxe7 36. Rxe7 {KRB-KR} Ra3 37. Ke5 Rxa2 38. Rg7+ Kh4 39. Kf4 Kh3 40. Rg1 b5 41. Rh1+ Rh2 {White should prevent ...Rxh1.} 42. Rb1 a6 43. Rb3+ Kh4 44. Ra3 Rf2+ {[#]} 45. Bf3 $1 Kh3 46. Rxa6 Rf1 47. Ra2 h4 {[#]} 48. Rb2 $1 b4 49. Rxb4 Rg1 50. Rb3 {Hoping for Be4+.} Rf1 51. Kg5 {Be2+ would kill now.} Rf2 52. Bd5+ Kh2 53. Kxh4 {White wants to mate with Rh3+.} Rf4+ 54. Kg5 Rd4 55. Rb2+ Kg1 56. Kf5 (56. Bg2 $16) 56... Rxd5+ $11 {KR-KR. The position is equal.} 57. Ke4 Rg5 58. Kf3 Rf5+ 59. Kg4 (59. Kg3 {is more complex.} Kf1 60. Rb1+ Ke2 61. Kg4 Rf8 62. Rb2+) 59... Rf8 60. Kg3 Rg8+ 61. Kf3 Rf8+ 62. Kg3 Rg8+ 63. Kf3 Rf8+ 64. Kg3 {White really could win this. Accuracy: White = 93%, Black = 93%.} 1/2-1/2

[Event "Chessable Masters by chess24-KO"]
[Site "Online"]
[Date "2020.06.29"]
[Round "2.1"]
[White "Carlsen, Magnus"]
[Black "Ding, Liren"]
[Result "1-0"]
[WhiteElo "2881"]
[BlackElo "2836"]
[Annotator "TA"]
[PlyCount "85"]
[EventDate "2020.06.20"]
[EventType "k.o."]
[SourceTitle "playchess.com"]
[Source "ChessBase"]
[SourceQuality "1"]

{[%evp 22,85,21,14,10,16,13,27,20,15,18,14,17,11,19,18,8,8,22,0,34,32,36,27,37,29,53,37,44,42,39,32,41,32,32,31,19,39,56,14,11,10,72,78,72,73,58,73,54,53,79,79,72,64,56,44,85,68,77,0,0,0,36,0,0,0]} 1. d4 Nf6 2. c4 e6 3. Nf3 d5 4. Nc3 Bb4 5. Bg5 h6 6. Bxf6 Qxf6 7. Qb3 c5 8. cxd5 exd5 9. e3 O-O 10. dxc5 Bxc3+ 11. Qxc3 Qxc3+ 12. bxc3 Nd7 {D38: Queen's Gambit Declined: Ragozin Defence (4 Nf3 Bb4).} 13. Rd1 Nf6 14. Nd4 Bd7 {White has an edge.} 15. f3 Rfc8 16. Nb3 Ba4 17. Rd4 Bxb3 18. axb3 Rxc5 19. Kd2 Ra5 20. Bd3 {[#]} Nd7 $146 ({Predecessor:} 20... Ra2+ 21. Bc2 Kf8 22. Ra4 Rxa4 23. bxa4 Nd7 24. Rb1 Nc5 {½-½ (24) Lins,T (2447)-Huber,M (2286) GER email 2018}) 21. Kc1 Rc5 22. Kb2 Re8 23. Re1 Ne5 24. b4 Nxd3+ 25. Rxd3 $14 {[%mdl 4096] Endgame KRR-KRR} Rb5 26. Kb3 Kf8 27. Ra1 a6 28. Ra5 Rxa5 29. bxa5 {KR-KR} Re5 30. Kb4 (30. f4 $5 {[%cal Rf4e5]} Rh5 31. h3 $14) 30... Ke7 31. f4 Re4+ (31... Rh5 $11) 32. Kc5 $16 Ra4 33. Kb6 Ke6 34. Rd4 $1 {[%cal Rd4a4]} Ra3 35. e4 Rb3+ 36. Kc7 dxe4 ({Much worse is} 36... Rxc3+ 37. Kxb7 dxe4 38. Rxe4+ Kd6 39. Re2 $18 (39. Kxa6 Rc2 $16)) 37. Rxe4+ Kf5 38. Rb4 Rxc3+ 39. Kxb7 Rc2 40. g3 (40. Kxa6 $16 Rxg2 41. h4) 40... Rxh2 $11 41. Kxa6 {[#] aiming for Kb5.} Kg4 42. Rb3 Ra2 43. Kb6 {[%mdl 32768] Accuracy: White = 88%, Black = 88%. . Sensor Board Error (Ke4/e5)?} 1-0

[Event "Chessable Masters by chess24-KO"]
[Site "Online"]
[Date "2020.06.29"]
[Round "2.1"]
[White "Ding, Liren"]
[Black "Carlsen, Magnus"]
[Result "1/2-1/2"]
[WhiteElo "2836"]
[BlackElo "2881"]
[Annotator "TA"]
[PlyCount "70"]
[EventDate "2020.06.20"]
[EventType "k.o."]
[SourceTitle "playchess.com"]
[Source "ChessBase"]
[SourceQuality "1"]

{[%evp 19,70,43,72,72,62,68,74,75,72,68,95,77,96,87,81,62,59,51,71,45,45,45,45,47,47,44,47,47,52,14,50,47,47,45,50,50,52,40,40,40,40,40,40,0,0,0,0,0,0,0,0,0,0]} 1. c4 Nf6 2. Nf3 g6 3. Nc3 Bg7 4. e4 d6 5. d4 O-O 6. Be2 e5 7. O-O exd4 8. Nxd4 Re8 9. f3 c6 10. Kh1 d5 11. cxd5 {E94: King's Indian: Classical: 6 Be2 e5 7 0-0: Various Black 7th moves.} cxd5 12. Bg5 Nc6 13. Bb5 {[#] White is better.} h6 $146 ({Predecessor:} 13... Qb6 14. Nxc6 bxc6 15. Bxf6 Bxf6 16. Nxd5 cxd5 17. Bxe8 Bb7 18. Qa4 Rd8 19. Rad1 Qe6 20. Qxa7 {1-0 (35) Sorokin,A (2537)-Sairanov,T (2021) St Petersburg 2019}) 14. Nxc6 bxc6 15. Bxc6 {[%mdl 64] [#] And now Bxf6 would win. Double Attack} hxg5 16. Bxa8 d4 17. Nd5 {Strongly threatening Nxf6+.} Ba6 $1 {[%cal Ra6f1]} 18. Bc6 Re6 19. Rc1 {Threatens to win with Re1.} Bxf1 20. Qxf1 g4 21. Nf4 Re7 22. Nd3 gxf3 23. Qxf3 Nd7 24. Bd5 Ne5 25. Nxe5 Bxe5 26. g3 Kg7 27. Kg2 Rc7 28. Rc4 d3 29. Qxd3 Rxc4 30. Qxc4 Bxb2 31. Bxf7 Qd2+ {The position is equal.} 32. Kh3 Qh6+ 33. Kg2 Qd2+ 34. Kh3 Qh6+ 35. Kg2 Qd2+ {Accuracy: White = 84%, Black = 95%.} 1/2-1/2

[Event "Chessable Masters by chess24-KO"]
[Site "Online"]
[Date "2020.06.29"]
[Round "2.1"]
[White "Ding, Liren"]
[Black "Carlsen, Magnus"]
[Result "0-1"]
[WhiteElo "2836"]
[BlackElo "2881"]
[Annotator "TA"]
[PlyCount "110"]
[EventDate "2020.06.20"]
[EventType "k.o."]
[SourceTitle "playchess.com"]
[Source "ChessBase"]
[SourceQuality "1"]

{[%evp 9,110,7,16,10,72,12,17,16,25,25,33,24,20,41,49,51,64,67,53,38,81,66,76,70,84,75,78,34,41,34,73,76,70,65,60,60,84,80,80,56,72,75,80,64,65,53,54,49,47,47,58,47,64,60,50,56,58,47,49,49,52,29,36,20,20,20,25,26,26,11,17,12,21,0,0,0,0,0,0,0,0,0,0,0,0,0,0,-7,0,0,0,-675,-675,-675,-675,-675,-675,-559,-447,-658,-619,-486,-469]} 1. c4 e5 2. g3 Nf6 3. Bg2 Bc5 4. d3 O-O 5. Nc3 h6 6. Nf3 {A22: English Opening: 1...e5 2 Nc3 Nf6.} Re8 {[#]} (6... Qe7 $11) 7. O-O (7. Nxe5 $1 $16 Rxe5 8. d4 Bxd4 9. Qxd4) 7... d6 8. d4 {The position is equal.} exd4 9. Nxd4 c6 10. b3 a5 11. Bb2 Na6 {[#]} 12. Qd2 $146 ({Predecessor:} 12. h3 Bd7 13. Qd2 Rb8 14. Rad1 Qe7 15. Rfe1 d5 16. cxd5 cxd5 17. Qf4 Nb4 18. Qc1 {½-½ (25) Junker,R (2279)-Thiery,C (2154) Germany 2009}) 12... Qe7 13. Rad1 Bd7 14. h3 Bb6 15. e4 Nc5 {[%cal Rc5e4]} 16. Rfe1 Rad8 17. Kh2 Bc8 18. Nf5 Bxf5 19. exf5 Qc7 20. Rxe8+ Nxe8 21. Ne2 Nd7 22. Nf4 Ndf6 23. Qc2 Qe7 24. Rd2 Rd7 25. Bf3 Qd8 26. Qd1 Bc7 27. Nd3 Re7 28. Kg2 Qc8 29. g4 Nh7 30. Re2 (30. Qc1 {feels hotter.} Nef6 31. Rd1 h5 32. Qd2 Re8 33. Re1) 30... Qd8 31. Rxe7 Qxe7 32. Qe2 Qd8 33. Kg1 Nef6 34. Bg2 Nf8 35. Bd4 N8d7 36. Qe3 Bb6 37. Bxb6 Qxb6 38. Qxb6 Nxb6 $11 {[%mdl 4096] Endgame KBN-KNN} 39. f4 Nfd7 40. Kf2 Kf8 41. g5 f6 42. h4 Nc5 43. Ke3 Nxd3 44. Kxd3 {KB-KN} Ke7 45. Kd4 Na8 46. Be4 Nc7 47. a3 Kd7 48. b4 axb4 49. axb4 b5 {And now ...bxc4 would win.} 50. c5 $2 {[%mdl 8192]} (50. Bd3 $11) 50... Na6 $19 {Black is clearly winning.} 51. cxd6 Kxd6 52. Kc3 c5 53. bxc5+ Kxc5 54. Bc2 {[#]} (54. gxh6 $142 gxh6 55. Kb3) 54... Nb4 $1 {[%cal Rb4c2]} 55. Bb3 Nd5+ {Accuracy: White = 89%, Black = 92%.} 0-1

[Event "Chessable Masters by chess24-KO"]
[Site "Online"]
[Date "2020.06.29"]
[Round "2.1"]
[White "Nepomniachtchi, Ian"]
[Black "Giri, Anish"]
[Result "1/2-1/2"]
[WhiteElo "2778"]
[BlackElo "2731"]
[Annotator "TA"]
[PlyCount "90"]
[EventDate "2020.06.20"]
[EventType "k.o."]
[SourceTitle "playchess.com"]
[Source "ChessBase"]
[SourceQuality "1"]

{[%evp 10,90,-11,-6,-11,0,6,6,14,16,35,29,28,29,45,27,61,47,43,43,68,52,94,77,66,47,72,64,59,56,56,61,70,69,66,37,60,60,60,41,41,45,32,46,46,47,46,-20,-15,-137,-140,-122,-59,-62,-72,-65,-31,-33,0,-50,-46,-42,-50,-76,-18,-18,-18,-31,-31,-31,-26,-26,-18,-24,-14,-14,-14,-14,-14,-43,-43,-43,-43]} 1. c4 e5 2. Nc3 Nf6 3. Nf3 Nc6 4. d4 exd4 5. Nxd4 Bb4 6. g3 Bxc3+ {A28: English Opening: Four Knights Variation.} 7. bxc3 O-O 8. Bg2 Ne5 {The position is equal.} 9. c5 {[#]} d6 $146 ({Predecessor:} 9... Qe7 10. Nb3 Rb8 11. O-O b6 12. f4 Nc6 13. e4 Nxe4 14. f5 Nxc3 15. f6 Qe2 {0-1 (48) Dimitrov,R (2519)-Maiorov,N (2506) Noisiel 2020}) 10. cxd6 Qxd6 11. O-O Rd8 12. Qc2 c5 13. Nb3 Rb8 14. Bf4 Qc7 15. Rad1 (15. Na5 $5) 15... Be6 16. Na5 Nd5 17. Bxd5 Rxd5 18. Rxd5 Bxd5 19. Rd1 Be6 20. Nxb7 {Threatens to win with Nd6.} Qxb7 21. Bxe5 Re8 22. Bf4 (22. Qa4 $5 {[%cal Ra4e8]} Rc8 23. Qc2 $16) 22... h6 23. Qa4 Rc8 24. f3 Qb2 25. Kf2 Qxc3 26. Qxa7 Qc2 27. Rd2 Qb1 {White should prevent ...Bh3.} 28. Qa6 (28. Qa4 $14) 28... Bh3 $36 {[%mdl 2048] [#] Black has the initiative.} 29. e4 {[#]} (29. Qxc8+ $1 $11 {[%mdl 512] was the only way to keep the balance.} Bxc8 30. Rd8+ Kh7 31. Rxc8) 29... Qh1 $1 $17 {[%cal Rh1h2]} 30. Qe2 {[#]} Qxh2+ (30... Ra8 $1 $17 31. Qd1 Qg2+ 32. Ke3 Ra3+ 33. Rd3 Rxa2 34. Rd8+ Kh7) 31. Ke3 $15 Qg1+ 32. Qf2 Qc1 {Strongly threatening ...Bf1.} 33. Qe2 Qg1+ 34. Qf2 Qa1 {Hoping for ...g5.} 35. Qe2 Be6 36. Qd1 Qxd1 ({Better is} 36... Qc3+ $17 37. Kf2 Qa5) 37. Rxd1 $11 Bxa2 $17 {[%mdl 4096] Endgame KRB-KRB} 38. Rd7 Be6 39. Rc7 Rxc7 40. Bxc7 $15 {KB-KB} c4 41. f4 f5 42. exf5 Bxf5 43. Kd4 Be6 44. f5 Bxf5 45. Kxc4 Kf7 {Accuracy: White = 83%, Black = 81%.} 1/2-1/2

[Event "Chessable Masters by chess24-KO"]
[Site "Online"]
[Date "2020.06.29"]
[Round "2.1"]
[White "Giri, Anish"]
[Black "Nepomniachtchi, Ian"]
[Result "1-0"]
[WhiteElo "2731"]
[BlackElo "2778"]
[Annotator "TA"]
[PlyCount "53"]
[EventDate "2020.06.20"]
[EventType "k.o."]
[SourceTitle "playchess.com"]
[Source "ChessBase"]
[SourceQuality "1"]

{[%evp 21,53,8,32,18,27,0,14,0,7,3,14,4,10,0,0,0,0,0,11,17,237,216,287,287,428,428,428,428,428,428,428,402,12832,5489]} 1. d4 Nf6 2. c4 e6 3. Nf3 d5 4. Nc3 c5 5. cxd5 Nxd5 6. e4 Nxc3 7. bxc3 cxd4 8. cxd4 Bb4+ 9. Bd2 Bxd2+ 10. Qxd2 O-O 11. Bc4 Nd7 12. O-O {D41: Queen's Gambit Declined: Semi-Tarrasch with 5 cxd5.} b6 13. d5 Nc5 14. Rfe1 {The position is equal.} exd5 15. exd5 Qd6 16. Qd4 Bb7 {[#]} 17. Rad1 $5 $146 {[%mdl 8] An interesting novelty.} ({Predecessor:} 17. Qe3 Rfd8 18. Rad1 Rac8 19. Nd4 Qf6 20. g4 Qh4 21. h3 g6 22. Nc6 Bxc6 23. dxc6 Rxd1 24. Rxd1 {½-½ (30) Dorner,J (2306)-Maurer,S (2390) ICCF email 2007}) 17... Rae8 18. Ne5 a6 19. a3 Re7 (19... b5 $5 {[%cal Rb5c4]} 20. Ba2 Re7 $11) 20. Re3 Rfe8 $2 {[#] A mistake that costs the game.} (20... b5 $11 {and Black has nothing to worry.}) 21. Nxf7 $1 $18 {[%mdl 576] Remove Defender} Kxf7 {[#]} (21... Rxf7 22. Rxe8+) 22. Re6 $1 {[%cal Re6d6][%mdl 512]} Qd8 {[#]} ({Reject} 22... Qb8 23. Rxe7+ Kxe7 24. d6+ (24. Qxg7+ Kd6 $18) 24... Kd8 25. Bf7) (22... Nxe6 {was worth a try.} 23. dxe6+ {[%mdl 64] Discovered Attack} Qxe6 $1 {[%mdl 512]}) (22... Nxe6 23. dxe6+) 23. Qf4+ $1 ({Weaker is} 23. Rxe7+ Kxe7 24. Qxg7+ Kd6 $17) 23... Kg8 24. Rxe7 Rxe7 25. d6+ Re6 26. d7 g6 (26... Bc6 $142 27. Qf5 {[%mdl 64] Pin} Bxd7 28. Bxe6+ Nxe6 29. Qxe6+ Bxe6 30. Rxd8+ Kf7) 27. Rd6 {Accuracy: White = 93%, Black = 51%.} (27. Bxe6+ $142 Nxe6 28. Qc4) 1-0

[Event "Chessable Masters by chess24-A"]
[Site "Online"]
[Date "2020.06.18"]
[Round "2.1"]
[White "Harikrishna, Pentala"]
[Black "Carlsen, Magnus"]
[Result "0-1"]
[WhiteElo "2690"]
[BlackElo "2881"]
[Annotator "TA"]
[PlyCount "170"]
[EventDate "2020.06.20"]
[EventType "tourn"]
[SourceTitle "playchess.com"]
[Source "ChessBase"]
[SourceQuality "1"]

{[%evp 23,170,12,9,0,1,7,7,6,16,19,20,26,25,25,28,34,33,32,37,49,45,33,29,0,0,-7,22,-4,-4,-5,0,0,0,0,0,0,0,0,252,0,244,-15,25,-14,0,-17,-11,-40,0,-10,0,0,0,0,0,0,0,-106,-106,-108,-105,-108,-101,-116,-94,-102,-85,-86,-86,-87,-87,-87,-76,-90,-76,-79,-76,-79,-76,-76,-76,-98,-76,-76,-76,-98,-72,-78,-85,-121,-78,-78,-80,-75,-33,-56,-50,-55,-33,-33,-33,-40,-40,-41,-40,-231,-41,-41,-41,-41,-41,-48,-48,-48,-48,-224,-48,-48,-48,-48,0,-56,-56,-56,-56,-56,-56,-56,-56,-56,-56,-56,-59,-129,-83,-167,-162,-162,-153,-229,-242,-923,-937,-12035,-8471,-4851,-1964,-29983,-29984]} 1. e4 c5 2. Nf3 Nc6 3. d4 cxd4 4. Nxd4 Nf6 5. Nc3 e5 6. Ndb5 d6 7. Bg5 a6 8. Na3 b5 9. Nd5 Be7 10. Bxf6 Bxf6 11. c4 b4 12. Nc2 a5 13. g3 {B33: Sicilian: Pelikan and Sveshnikov Variations.} g6 14. Nxf6+ Qxf6 15. Bg2 {The position is equal.} O-O 16. O-O Bb7 17. Qd2 Nb8 {[%cal Bc6b8,Bb8d7,Bd7c5][%mdl 32] [#]} 18. Rfd1 $146 ({Predecessor:} 18. Ne3 Nd7 19. f4 Qe7 20. f5 Qg5 21. Rad1 Ra6 22. Qf2 Nf6 23. h4 Qh6 24. Nd5 Bxd5 25. cxd5 {0-1 (71) Tate,A (2308)-Georgiev,K (2588) Heraklion 2019}) 18... Ra6 19. Qe3 Nd7 20. a3 Rb6 21. axb4 axb4 22. Ra4 b3 23. Ne1 Nc5 24. Ra3 Ra6 25. Rxa6 Bxa6 26. Bf1 Rc8 27. Nf3 Bb7 28. Nd2 Bc6 29. Ra1 Rb8 30. Ra3 Ba4 $2 {[%mdl 8192] [#]} (30... Qd8 $11) 31. h4 $2 ({White has to play} 31. Rxa4 $1 $18 {[%mdl 512]} Nxa4 32. Qa7 {[%mdl 64] Double Attack}) 31... h5 $2 {[#]} (31... Qe7 $11 {and Black is okay.}) 32. Be2 $2 (32. Rxa4 $1 $18 {[%mdl 512]} Nxa4 33. Qa7 {[%mdl 64] Double Attack}) 32... Kg7 33. Nb1 (33. Rxa4 $5 Nxa4 34. Qa7 $14 {[%mdl 64] Double Attack}) 33... Qd8 34. Nd2 Ra8 35. Kh2 Ne6 (35... Bc6 $5 {[%cal Ra8a3]} 36. Rxa8 Qxa8 $15) 36. Nf3 Bc6 {...Rxa3 is the strong threat.} 37. Rxa8 Qxa8 38. Qxb3 Bxe4 39. Qe3 Bb7 40. c5 (40. b4 $1 $11 {remains equal.}) 40... Nxc5 $17 41. Nxe5 {[#]} Qa1 $1 $36 {[%csl Gb7][%cal Ra1h1][%mdl 2560] White is under strong pressure.} 42. Nf3 Qxb2 43. Ng5 Bd5 44. Bf3 Bxf3 45. Qxf3 Qf6 46. Qe3 Ne6 47. Nf3 Qf5 48. Kg2 Qd5 49. Kg1 Kf6 50. Qc3+ Ke7 51. Qe3 Qc5 52. Qd3 Qc1+ 53. Kg2 Qc6 54. Kg1 Nc5 55. Qe3+ Qe4 56. Qc3 Ne6 57. Qa3 Ke8 58. Kg2 g5 {Strongly threatening ...g4.} 59. Kg1 g4 60. Ng5 Nxg5 61. hxg5 $15 {[%mdl 4096] Endgame KQ-KQ} Qe1+ 62. Kg2 Qe5 63. Qa8+ Ke7 64. Qg8 $2 (64. Qc8 $15) 64... Qe4+ $2 (64... Qd5+ $1 $19 65. Kf1 Qd1+ 66. Kg2 Qf3+ 67. Kg1 h4 $1 {[%mdl 512]} 68. gxh4 g3 69. fxg3 Qxg3+ {[%mdl 64] Double Attack} 70. Kf1 Qxh4) 65. Kg1 $1 Qg6 66. Qc8 Qb1+ 67. Kh2 Qb6 68. Kg2 {[#]} Qc5 $1 69. Qg8 $2 ({Better is} 69. Qb8 $15) 69... Qf5 $2 ({Black should play} 69... Qd5+ $19 70. Kg1 Qd1+ 71. Kg2 Qf3+ 72. Kg1 h4 $1 {[%mdl 512]} 73. gxh4 g3 74. fxg3 Qxg3+ {[%mdl 64] Double Attack} 75. Kf1 Qxh4) 70. Qb8 Qe4+ 71. Kg1 d5 72. Qc7+ (72. Qb2 $11) 72... Kf8 $1 73. Qd8+ Kg7 74. Qf6+ Kg8 75. Qd8+ Kh7 76. Qf6 Qg6 {Hoping for ...Qxf6.} 77. Qf4 Qe6 78. Qd4 (78. Qc7 $1 $15) 78... Kg6 $17 79. Kf1 (79. Qh8 $17) 79... Kxg5 $19 80. Qg7+ Kf5 81. Qh8 {[#]} (81. Qh7+ $17 Qg6 82. Qh8) 81... Ke4 $1 82. Qxh5 $2 {[#]} (82. Kg1) 82... Kd3 $1 83. Qh7+ Qe4 84. Qh6 Kc2 85. Qc6+ Qc4+ {What a bad dream for White. Accuracy: White = 64%, Black = 79%.} 0-1

[Event "Chessable Masters by chess24-KO"]
[Site "Online"]
[Date "2020.06.29"]
[Round "2.2"]
[White "Carlsen, Magnus"]
[Black "Ding, Liren"]
[Result "1/2-1/2"]
[WhiteElo "2881"]
[BlackElo "2836"]
[Annotator "TA"]
[PlyCount "66"]
[EventDate "2020.06.20"]
[EventType "k.o."]
[SourceTitle "playchess.com"]
[Source "ChessBase"]
[SourceQuality "1"]

{[%evp 11,66,9,23,14,20,13,14,0,7,13,3,8,13,6,22,22,22,17,22,18,34,0,0,0,0,0,0,0,0,0,0,0,0,-16,-9,-14,-13,-9,0,0,0,0,0,0,0,0,0,0,0,0,0,0,0,0,0,0,0]} 1. Nf3 d5 2. d4 Nf6 3. c4 e6 4. Nc3 Bb4 5. Qa4+ Nc6 6. e3 O-O 7. Qc2 $1 {[%mdl 4] outshines the older 7.Bd2. Played by Hikaru Nakamura in June 2020. D38: Queen's Gambit Declined: Ragozin Defence (4 Nf3 Bb4).} Re8 8. Bd2 Bf8 9. Be2 {[#]} dxc4 $146 ({Predecessor:} 9... Nb4 10. Qb1 c5 11. dxc5 Bxc5 12. a3 Nc6 13. O-O dxc4 14. Bxc4 b6 15. Ne4 Nxe4 16. Qxe4 {½-½ (32) Postny,E (2652)-Gajewski,G (2643) Germany 2014}) 10. Bxc4 Nb4 11. Qb1 b6 12. O-O Bb7 13. Rd1 Qc8 14. a3 Nbd5 15. Bd3 c5 16. dxc5 Qxc5 {The position is equal.} 17. Nxd5 Qxd5 18. Bc3 Qh5 19. Bxf6 {[#] Bc3 is the strong threat.} Bxf3 20. gxf3 gxf6 21. f4 f5 22. Bf1 Bg7 23. Bg2 Rac8 24. Rd2 Red8 25. Rxd8+ Rxd8 26. Qc2 Bxb2 27. Qxb2 Rd1+ 28. Rxd1 Qxd1+ 29. Bf1 Qg4+ 30. Bg2 {[#] Strongly threatening Qc1.} Qd1+ 31. Bf1 {And now h3 would win.} Qg4+ 32. Kh1 Qf3+ $1 33. Kg1 {Black must now prevent h3.} Qg4+ {A rather calm draw. Accuracy: White = 95%, Black = 100%.} 1/2-1/2

[Event "Chessable Masters by chess24-KO"]
[Site "Online"]
[Date "2020.06.29"]
[Round "2.2"]
[White "Ding, Liren"]
[Black "Carlsen, Magnus"]
[Result "0-1"]
[WhiteElo "2836"]
[BlackElo "2881"]
[Annotator "TA"]
[PlyCount "132"]
[EventDate "2020.06.20"]
[EventType "k.o."]
[SourceTitle "playchess.com"]
[Source "ChessBase"]
[SourceQuality "1"]

{[%evp 14,132,50,33,56,33,32,28,76,73,110,95,108,100,119,101,108,91,108,85,83,83,83,83,87,58,68,59,80,89,87,84,83,70,89,68,79,66,66,65,65,66,61,65,51,51,54,54,54,54,53,52,50,54,71,62,63,-4,58,51,58,58,61,69,73,61,70,50,43,0,20,31,25,26,54,41,54,43,32,26,51,51,58,43,69,7,58,0,38,8,51,40,47,38,70,23,33,0,0,0,0,0,0,0,0,0,0,0,0,0,0,0,0,0,0,0,0,0,0,-2298,-2142]} 1. d4 Nf6 2. c4 g6 3. Nc3 Bg7 4. e4 d6 5. Nf3 O-O 6. h3 e5 7. d5 Na6 8. Bg5 Bd7 {E90: King's Indian: Classical: Early deviations and 6 h3.} 9. Nd2 c6 10. Be2 Qb6 {White has an edge.} 11. Rb1 {[#]} Kh8 $146 ({Predecessor:} 11... Rfc8 12. O-O Qd8 13. b4 cxd5 14. exd5 Bf5 15. Rb3 Nc7 16. Nde4 Nce8 17. c5 dxc5 18. bxc5 {½-½ (44) Paragua,M (2509)-Becerra Rivero,J (2539) ICC INT 2015}) 12. O-O c5 13. a3 Qd8 14. b4 b6 15. Nb5 Qe7 16. Re1 h6 17. Bh4 Rfc8 18. Bd3 Qf8 19. Nf1 Nh5 20. Ne3 Bf6 21. Bxf6+ Nxf6 22. Nc3 Qe7 23. Bc2 Nb8 24. Qd2 Kg7 25. Kh2 cxb4 26. axb4 a5 27. Ra1 Na6 28. bxa5 bxa5 29. Rxa5 {[#] Rea1 is the strong threat.} Nc5 30. Rea1 Rxa5 31. Rxa5 Qd8 32. Ra3 Rb8 33. f3 Nh7 34. Ne2 Qh4 35. Ra1 (35. Ng1 $14) 35... Nf6 (35... Bxh3 $11 36. gxh3 Ng5) 36. Qe1 $14 Qg5 37. Ra3 {aiming for h4.} Nh5 38. g3 Qd8 39. Qa1 Nf6 40. f4 Qe7 41. Nc3 Kh7 42. f5 Kg7 43. Ra7 g5 44. Kg2 Qd8 45. Kf3 h5 46. Qc1 Qb6 47. Ra1 Rg8 48. Qd2 Qd8 49. Rg1 (49. Ned1 $14) 49... Rh8 (49... Kf8 $11) 50. h4 ({Better is} 50. Ned1 $14 g4+ 51. hxg4) 50... g4+ 51. Ke2 Kh7 52. Rb1 Qa5 53. Ned1 Rg8 54. Nf2 Qa6 55. Nb5 (55. Bd3 $5) 55... Rb8 {[%cal Rd7b5]} 56. Bd3 Bxb5 57. cxb5 Qa4 58. Qb4 Qa2+ 59. Qb2 Qa4 60. Qb4 Qa2+ 61. Rb2 Qa1 62. Rb1 Qa7 63. Qd2 Nxd3 64. Qxd3 Qa2+ 65. Kf1 Rc8 {Threatens to win with ...Rc2.} 66. Qb3 $2 {[%mdl 8192] [#]} (66. Nd1 $11) 66... Rc1+ $1 {[%mdl 576] Double Attack. Accuracy: White = 79%, Black = 82%.} 0-1

[Event "Chessable Masters by chess24-A"]
[Site "Online"]
[Date "2020.06.18"]
[Round "2.2"]
[White "Grischuk, Alexander"]
[Black "Nakamura, Hikaru"]
[Result "1/2-1/2"]
[WhiteElo "2784"]
[BlackElo "2829"]
[Annotator "TA"]
[PlyCount "72"]
[EventDate "2020.06.20"]
[EventType "tourn"]
[SourceTitle "playchess.com"]
[Source "ChessBase"]
[SourceQuality "1"]

{[%evp 16,72,19,20,20,24,27,22,31,21,19,26,20,10,15,8,2,8,3,0,26,0,16,20,13,4,23,23,27,27,25,14,14,9,22,22,30,30,23,23,25,22,23,23,24,23,24,18,23,24,22,22,20,0,31,0,22,0,45]} 1. e4 e5 2. Nf3 Nc6 3. Bb5 Nf6 4. O-O Nxe4 5. Re1 Nd6 6. Nxe5 Be7 7. Bf1 Nxe5 8. Rxe5 O-O 9. d4 Ne8 {C67: Ruy Lopez: Berlin Defence: 4 0-0 Nxe4.} 10. d5 d6 11. Re1 Bf5 {[#]} 12. Nc3 $146 ({Predecessor:} 12. Bd3 Bxd3 13. Qxd3 Bg5 14. Nd2 Nf6 {½-½ (14) Vitiugov,N (2747)-Nakamura,H (2736) Moscow 2019}) 12... Nf6 13. Qf3 Bg6 14. Bd3 a6 15. Be3 Qd7 16. Bd4 Rae8 17. h3 Bd8 18. a3 Rxe1+ (18... Bh5 {keeps more tension.} 19. Qf4 Bg6 20. Qf3) 19. Rxe1 Re8 20. Rxe8+ Qxe8 21. Kf1 Bxd3+ 22. Qxd3 Nd7 23. Qe2 (23. Qc4 {looks sharper.} Nf8 24. Ne2 Qd7 25. f3 c5 26. dxc6 Qxc6 27. Qxc6 bxc6 28. Bc3) 23... Qxe2+ 24. Kxe2 $11 {[%mdl 4096] Endgame KBN-KBN} Bf6 25. Ke3 Kf8 26. Ne4 Bxd4+ 27. Kxd4 {KN-KN} Ke7 28. c4 a5 29. b4 axb4 30. axb4 b6 31. g4 h6 32. f4 g6 33. Nc3 Nb8 34. Ne4 Nd7 35. Nc3 Nb8 36. Ne4 Nd7 {A rather calm draw. Accuracy: White = 95%, Black = 96%.} 1/2-1/2